Logo BPK

Biblioteka

Politechniki Koszalińskiej

Lodowce kuli ziemskiej / (Rekord nr 29575)

Szczegóły MARC
000 -ETYKIETA REKORDU
podpole kontrolne o stałej długości 00655nam a2200229 i 4500
001 - NUMER KONTROLNY REKORDU
pole kontrolne bg
020 ## - MIĘDZYNARODOWY ZNORMALIZOWANY NUMER KSIĄŻKI - ISBN
ISBN 8301103663
040 ## - ŹRÓDŁO KATALOGOWANIA
Instytucja, która utworzyła rekord BPK
041 1# - KOD JĘZYKA
Kod języka tekstu pl
Kod języka oryginału de
080 ## - UNIWERSALNA KLASYFIKACJA DZIESIĘTNA - UKD
UKD 551.32/.33(100)
920 ## - Międzynarodowy znormalizowany numer książki – ISBN
ISBN 83-01-10366-3
008 - POLE O STAŁEJ DŁUGOŚCI - DANE KONTROLNE
podpole kontrolne o stałej długości s pl f |000 0 pol
100 1# - NAZWA OSOBOWA
Nazwa osobowa MARCINEK, Joachim
245 10 - TYTUŁ/ODPOWIEDZIALNOŚĆ
Tytuł Lodowce kuli ziemskiej /
Pozostałe elementy strefy tytułu i oznaczenia odpowiedzialności Joachim Marcinek.
260 ## - STREFA ADRESU WYDAWNICZEGO
Miejsce wydania Warszawa :
Nazwa wydawcy/dystrybutora Wydaw. Naukowe PWN,
Data publikacji, dystrybucji/powstania dokumentu 1991.
300 ## - STREFA OPISU FIZYCZNEGO
Objętość 217, [3] s., [8] s. fot. :
Inne cechy fizyczne mapy, rys, wykr. ;
Rozmiary 24 cm.
490 1# - STREFA SERII I DOKUMENTU WIELOCZĘŚCIOWEGO - FORMA NIE DO WYSZUKIWANIA
Tytuł i oznaczenie odpowiedzialności serii Regiony geograficzne świata
504 ## - UWAGA DOTYCZĄCA BIBLIOGRAFII
Informacje o bibliografii Bibliogr. s.200-207. - Indeks.
650 #9 - HASŁO PRZEDMIOTOWE W FORMIE NAZWY OGÓLNEJ LUB JEDNOSTKOWEJ
Nazwa ogólna lub geograficzna Lodowce
830 ## - HASŁO DODATKOWE SERII LUB DOKUMENTU WIELOCZĘŚCIOWEGO - TYTUŁ UJEDNOLICONY
Tytuł ujednolicony Regiony geograficzne świata
856 ## - LOKALIZACJA I DOSTĘP DO ELEKTRONICZNYCH DOKUMENTÓW ZDALNYCH
Link (URL) http://koha.tu.koszalin.pl/cgi-bin/koha/opac-detail.pl?biblionumber=29575
Tekst linku Katalog online BPK
942 ## - DODATKOWE ELEMENTY (KOHA)
Typ dokumentu Książka
Egzemplarze
Wycofany Status egzemplarza Uszkodzony Dostępność Lokalizacja stała Lokalizacja bieżąca Miejsce przechowywania Sygnatura Kod kreskowy Typ dokumentu
      Dostępny Biblioteka Politechniki Koszalińskiej Biblioteka Politechniki Koszalińskiej Wypożyczalnia BG 35793 01303681 Książka
      Dostępny Biblioteka Politechniki Koszalińskiej Biblioteka Politechniki Koszalińskiej Wypożyczalnia BG 36841 01606096 Książka
© 2023 Biblioteka Politechniki Koszalińskiej :: KOHA